Atlas of pelvic anatomy and gynecologic surgery (Registro nro. 58994)
[ vista simple ]
| 000 -ENCABEZADO | |
|---|---|
| Número de control [NR] | 00941nam a2200253Ia 4500 |
| 008 - DE LONGITUD FIJA DE DATOS DE ELEMENTOS - INFORMACIÓN GENERAL | |
| Elementos de longitud fija [NR] | 130821s2006 xxua gr eng |
| 020 ## - NUMERO INTERNACIONAL NORMALIZADO PARA LIBROS [R] | |
| Número Internacional Normalizado del libro [NR] | 0721683185 |
| 040 ## - FUENTE DE CATALOGACION [NR] | |
| Agencia de catalogación original [NR] | Co-BoUCM |
| Idioma de catalogación [NR] | spa |
| 041 00 - CODIGO DE IDIOMA [R] | |
| Código de idioma para texto/pista de sonido o título separado [R] | Inglés |
| 060 10 - SIGNATURA TOPOGRAFICA DE LA BIBLIOTECA NACIONAL DE MEDICINA (NLM) [R] | |
| Número clasificador [R] | WP 17 |
| 100 1# - ASIENTO PRINCIPAL--NOMBRE PERSONAL [NR] | |
| Nombre personal [NR] | Baggish, Michael S. |
| ID Autoridad | 164811 |
| 245 10 - MENCION DE TITULO [NR] | |
| Título [NR] | Atlas of pelvic anatomy and gynecologic surgery |
| Mención de responsabilidad, etc. [NR] | Michael S. Baggish, Mickey M. Karram ; illustrated by Joe Chovan |
| 250 ## - MENCION DE EDICION [NR] | |
| Mención de edición [NR] | 2a. Ed. |
| 260 ## - PUBLICACION, DISTRIBUCION, ETC. (PIE DE IMPRENTA) [R] | |
| Lugar de publicación, distribución, etc. [R] | Filadelfia (Pensilvania, Estados Unidos) |
| Nombre del editor, distribuidor, etc. [R] | W.B. Saunders |
| Fecha de publicación, distribución, etc. [R] | 2006 |
| 300 ## - DESCRIPCION FISICA [R] | |
| Extensión [R] | xiii, 1170 páginas |
| Otros detalles físicos [NR] | ilustraciones, color |
| 500 ## - NOTA GENERAL [R] | |
| Nota general [NR] | Incluye índice. |
| 650 04 - ASIENTO SECUNDARIO DE MATERIA - TERMINO TEMATICO [R] | |
| Término temático o nombre geográfico como elemento de entrada [NR] | Aparato genital femenino |
| Subdivisión general [R] | Cirugía |
| Subdivisión de forma [R] | Atlas |
| 9 (RLIN) | 9221 |
| 650 04 - ASIENTO SECUNDARIO DE MATERIA - TERMINO TEMATICO [R] | |
| Término temático o nombre geográfico como elemento de entrada [NR] | Ginecología operatoria |
| Subdivisión de forma [R] | Métodos |
| -- | Atlas |
| 9 (RLIN) | 16440 |
| 650 04 - ASIENTO SECUNDARIO DE MATERIA - TERMINO TEMATICO [R] | |
| Término temático o nombre geográfico como elemento de entrada [NR] | Ginecología |
| 9 (RLIN) | 217 |
| 650 04 - ASIENTO SECUNDARIO DE MATERIA - TERMINO TEMATICO [R] | |
| Término temático o nombre geográfico como elemento de entrada [NR] | Pelvis |
| Subdivisión general [R] | Anatomía e histología |
| Subdivisión de forma [R] | Atlas |
| 9 (RLIN) | 21244 |
| 650 04 - ASIENTO SECUNDARIO DE MATERIA - TERMINO TEMATICO [R] | |
| Término temático o nombre geográfico como elemento de entrada [NR] | Pelvis |
| Subdivisión general [R] | Cirugía |
| Subdivisión de forma [R] | Atlas |
| 9 (RLIN) | 21244 |
| 700 1# - ASIENTO SECUNDARIO - NOMBRE PERSONAL [R] | |
| Nombre personal [NR] | Karram, Mickey M. |
| 9 (RLIN) | 151454 |
| 942 ## - ELEMENTOS DE ENTRADA AGREGADOS (KOHA) | |
| Tipo de ítem principal el descrito en 300a | Libro |
| Tema principal | Medicina |
| Edición | 2 |
| Parte restante de la signatura top. | 2a. |
| Sistema de clasificación | NLM |
| Clasificación | WP 17 |
| Fecha de último préstamo | Total préstamos | Total Renewals | Signatura topográfica | Código de barras | Última vez visto | Volúmen / Fascículo | Ejemplar | Price effective from | Tipo de ítem | Perdido | Sistema de clasificación | Dañado | No prestable | Tipo de ítem específico | Suprimido | Ubicación habitual | Ubicación actual | Localización | Fecha de creación | Forma de adquisición | Costo |
|---|---|---|---|---|---|---|---|---|---|---|---|---|---|---|---|---|---|---|---|---|---|
| 27/11/2020 | 7 | 4 | WP 17 B931a | 200018221 | 01/12/2025 | 2a. Ed. | Ej.1 | 03/02/2013 | Libro | NLM | Libro | Hospital Universitario Mayor | Hospital Universitario Mayor | 9no piso | 19/02/2013 | Compra | 482000.00 |